東京メトロ全駅スタンプラリーの駅スタンプのモチーフ - Statistics

General Stats
  • This quiz has been taken 70 times
  • The average score is 64 of 144
Answer Stats
Hint Answer % Correct
雷門 浅草
98%
東京スカイツリー 押上
87%
大手門 大手町
83%
(駅名)電気街 秋葉原
79%
アメ横商店街 上野
79%
東京メトロ王子車両基地 王子神谷
79%
東京メトロ綾瀬車両基地 北綾瀬
79%
旧岩淵水門(赤水門) 赤羽岩淵
74%
地下鉄博物館 葛西
74%
清澄庭園 清澄白河
74%
明治神宮 明治神宮前
74%
松坂屋上野店&上野フロンティアタワー 上野広小路
72%
国会議事堂 国会議事堂前
72%
新宿御苑 新宿御苑前
72%
東京ドーム 後楽園
70%
東京メトロ千住車両基地 南千住
70%
日本武道館 九段下
68%
水天宮 水天宮前
68%
二重橋(皇居正門石橋) 二重橋前
68%
原木山妙行寺 原木中山
68%
日本橋三越本店 三越前
68%
伊勢丹新宿店 新宿三丁目
66%
ヱビスビール記念館 恵比寿
64%
飛鳥山公園・渋沢史料館 王子
64%
聖橋 御茶ノ水
64%
東京メトロ15000系・東葉高速鉄道2000系 西船橋
62%
(駅名)市郷土博物館 浦安
60%
銀座通り口交差点 銀座一丁目
60%
もんじゃ焼き 月島
60%
方南エイサー 方南町
60%
亀戸天神社 錦糸町
57%
砂町銀座商店街 南砂町
57%
早稲田大学 (駅名)キャンパス(51号館) 西早稲田
55%
サンシャインシティ 東池袋
55%
貯木場 木場
53%
(駅名)本願寺 築地
53%
丸の内ビルディング・新丸の内ビルディング 東京
53%
消防博物館・四谷消防署 四谷三丁目
53%
(駅名)西口公園 池袋
51%
東京タワー 神谷町
51%
上野英三郎博士とハチ公(東京大学 弥生キャンパス内) 東大前
51%
東京メトロ 深川車両基地 東陽町
51%
東京音楽大学 (駅名)・代官山キャンパス 中目黒
51%
新宿警察署裏交差点 西新宿
51%
東京国際フォーラム 有楽町
51%
聖徳記念絵画館とイチョウ並木 青山一丁目
49%
東京武道館 綾瀬
49%
(駅名)鬼子母神堂 雑司が谷
49%
東京大学 赤門 本郷三丁目
49%
(駅名)のさんま祭り 目黒
49%
浜離宮恩賜庭園 新橋
47%
古書店と喫茶店 神保町
47%
(駅名)ブロードウェイ 中野
47%
東京メトロ 中野車両基地 中野富士見町
47%
夢の島熱帯植物館 新木場
45%
阿波踊り 新高円寺
45%
光が丘公園 地下鉄成増
45%
杉並区立蚕糸の森公園 東高円寺
45%
(駅名)公園と東京ミッドタウン(駅名) 日比谷
45%
東京メトロ 小石川車両基地 茗荷谷
45%
(駅名)フィッシュセンター 市ケ谷
43%
法務省旧本館(赤れんが棟) 霞ケ関
43%
東京証券取引所 茅場町
43%
秩父宮ラグビー場 外苑前
43%
横山家住宅(足立区登録有形民俗文化財) 北千住
43%
(駅名)四丁目交差点 銀座
43%
築地川銀座公園 東銀座
43%
(駅名)天満宮 湯島
43%
(駅名)氷川神社 赤坂
40%
東京大神宮 飯田橋
40%
江戸川公園 江戸川橋
40%
銀座線 (駅名)駅ホーム 渋谷
40%
猿江恩賜公園 住吉
40%
早稲田松竹 高田馬場
40%
かっぱ橋道具街 田原町
40%
板橋区立美術館 地下鉄赤塚
40%
朝顔市・(駅名)鬼子母神(真源寺) 入谷
38%
(駅名)名物 カレー 神田
38%
清正公 覚林寺 白金高輪
38%
東京メトロ2000系 新宿
38%
東京(駅名)国際水泳場 辰巳
38%
国立新美術館 乃木坂
38%
(駅名)交差点 赤坂見附
36%
宝仙寺 中野坂上
36%
江戸川区球場 西葛西
36%
七夕まつり 南阿佐ケ谷
36%
カトリック麹町 聖イグナチオ協会 四ツ谷
36%
東京ジャーミイ(トルコ文化センター) 代々木上原
36%
下谷神社 稲荷町
34%
(駅名)ラーメン 荻窪
34%
(駅名) 表参道
34%
警察博物館 京橋
34%
東京都庭園美術館 白金台
34%
宝石 仲御徒町
34%
旧古河庭園 西ケ原
34%
城北中央公園/栗原遺跡 氷川台
34%
旧三河島汚水処分場喞筒(ポンプ)場施設 町屋
34%
成田山東京別院 深川不動堂 門前仲町
34%
(駅名)交差点 六本木
34%
新宿区立 漱石山房記念館 早稲田
34%
ワテラス 淡路町
32%
国立能楽堂 北参道
32%
あいねすと((駅名)野鳥観察舎) 行徳
32%
豊島区立鈴木信太郎記念館 新大塚
32%
江戸総鎮守 神田神社【神田明神】 新御茶ノ水
32%
豊島区立熊谷守一美術館 千川
32%
(駅名)からの風景 中野新橋
32%
(駅名)と銀座線1000系 日本橋
32%
(駅名)留置線 代々木公園
32%
泉ガーデンタワー アーバンコリドール 六本木一丁目
32%
首都高速道路中央環状線山手トンネル 路内換気塔 落合
30%
番町文人通り 麹町
30%
鍋屋横丁(なべよこ夏まつり) 新中野
30%
文京区立 森鷗外記念館 千駄木
30%
日枝神社 溜池山王
30%
(駅名)駅7番出入口 豊洲
30%
(駅名)からくり櫓 人形町
30%
(駅名) 半蔵門
30%
有栖川宮記念公園 広尾
30%
常夜灯公園と旧江戸川 妙典
30%
新倉ふるさと民家園 和光市
30%
(駅名)商店街 麻布十番
28%
(駅名) 桜田門
28%
三吉橋 新富町
28%
東京国立近代美術館 竹橋
28%
江戸城外堀跡 地下展示室 虎ノ門
28%
関東の富士見百景 富士見坂 西日暮里
28%
(駅名)神社 根津
28%
小泉八雲記念公園 東新宿
28%
どんぐり山の森緑地 平和台
28%
目赤不動尊(南谷寺) 本駒込
28%
台東区立一葉記念館 三ノ輪
28%
(駅名)の路地 神楽坂
26%
根ノ上遺跡 小竹向原
26%
中央区立十思スクエア 小伝馬町
26%
東洋文化ミュージアム 駒込
26%
(駅名) 護国寺
26%
(駅名)熊野神社 志茂
26%
アーツ千代田 3331 末広町
26%
(駅名) 虎ノ門ヒルズ
26%
(駅名)駅 南行徳
26%
国立劇場 永田町
23%
祥雲寺 要町
21%
堀部安兵衛武庸の碑と亀島橋 八丁堀
21%
No matching quizzes found
Score Distribution
Percent of People with Each Score
Percentile by Number Answered
Your Score History
You have not taken this quiz